|
|
|
|
| LEADER |
00000nta a2200000 i 4500 |
| 001 |
dolg8337 |
| 005 |
20170407110012.0 |
| 008 |
161209suuuu hu om 000 hun d |
| 040 |
|
|
|a BGE Dolgozattár Repozitórium
|b hun
|
| 041 |
|
|
|a hu
|
| 100 |
1 |
|
|a Henke Fruzsina
|
| 245 |
1 |
2 |
|a A nemzetközi közúti gyűjtőszállítmányozás működésének bemutatása az eddigi és az újfajta platformrendszer összehasonlításában a DB Schenker gyakorlatában
|c Henke Fruzsina
|h [elektronikus dokumentum]
|
| 695 |
|
|
|a Gyűjtőszállítmányozás
|
| 695 |
|
|
|a Nemzetközi szállítmányozás
|
| 700 |
1 |
|
|a Horváth Dr Annamária
|e ths
|
| 856 |
4 |
0 |
|u http://dolgozattar.uni-bge.hu/8337/1/Henke%20Fruzsina%20%5B2016%5D%20Szakdolgozat.pdf
|z Dokumentum-elérés
|